00817nam a2200265Ia 4500001000600000003000900006008004100015040001300056040001300069041001200082100001700094100002900111245006000140245001900200250001100219260001100230260002700241260004900268300005900317500007300376650002300449650003100472700001900503700002900522A6463IT-RoPAU130308s9999 xx 000 0 und d aIT-RoPAU cIT-RoPAU aINGLESE aBrand Graham gCodice Aut. SPICS: 35889 aTalk, Identity and Performance: the Tony Blackburn Show bBroadcast Talk a1a ed. aLONDON bSage Publications B.H. c1991 [1° Ed.:1991 - Ed.Ling.Originale:1991] a"26 p. (prefazione: no ; testo: 26 [pagine: 201-226])" aConversazione, Identità€ e Rappresentazione. Show di tony Blackburn aGENERI RADIOFONICI eCodice materia Spics: 6910 aScannell Paddy gCodice Aut. SPICS: 17304